Statistiken für Länder mit Hinweisen (einfach)

Klicken Sie hier um das Quiz zu spielen!

Allgemein

  • Dieses Quiz wurde 266 mal gespielt
    (236 seit der letzten Aktualisierung)
  • Das Durchschnittsergebnis liegt bei 14 aus 15

Antwortstatistiken

HinweiseAntworten% Korrekt
Vodka , Kommunismus, KremlRussland
99%
Eiffelturm, Notre-Dame, BaguetteFrankreich
98%
Bier, Bretzel, AutosDeutschland
97%
Kolosseum, Pizza, MafiaItalien
97%
Freiheitsstatue, Trump, WaffenVereinigte Staaten
97%
Einkindespolitik, Feind der USA , HuaweiChina
96%
Fußball, Amazonas, RegenwaldBrasilien
95%
Ski, Alpen, JodelnÖsterreich
95%
Kirschblüten, Fukushima, AnimeJapan
94%
Geld, Neutralität, KäseSchweiz
94%
Big Ben, Brexit, StonehedgeVereingtes Königreich
94%
Surfen, Kängurus, WüsteAustralien
92%
Fahrräder, flach, KäseNiederlande
91%
Erdogan, Ayran, LiraTürkei
91%
Überbevölkerung, Armut, HinduismusIndien
87%

Verteilung der Resultate

Perzentil nach korrekt beantworteten Fragen

Anzahl Personen mit jedem Resultat

Ihre Resultats-Entwicklung

Sie haben dieses Quiz seit der letzten Aktualisierung nicht gespielt